Movies Quiz

Random Movies or Box Office Quiz

Highest-Grossing Films by Word (US) Quiz Stats

 Plays Quiz Updated Jan 3, 2019

Challenge
Share
Tweet
Embed
Score 0/45 Timer 08:00
4 Plays Today
Word Film % Correct
GoneGone with the Wind
84.5%
BackBack to the Future
84.2%
BackBack to the Future Part II
83.1%
LeagueA League of Their Own
66.7%
GoneGone Girl
64%
AmericanAmerican Pie 2
60%
MaryThere's Something About Mary
59.9%
WeddingWedding Crashers
54.1%
DragonHow to Train Your Dragon
50.2%
GoodGood Will Hunting
48.1%
DragonHow to Train Your Dragon 2
47.7%
DayIndependence Day
45.7%
LeagueJustice League
39.3%
MaryMary Poppins
38.8%
FirstRambo: First Blood Part II
33.1%
WeddingMy Best Friend's Wedding
32.8%
AmericanAmerican Sniper
32.7%
WorldJurassic World
32.4%
WeddingMy Big Fat Greek Wedding
31.7%
LoveLove Story
31.6%
GoneGone in 60 Seconds
29.5%
LeagueThe League of Extraordinary Gentlemen
28.4%
OverOver the Hedge
26.7%
Word Film % Correct
DayThe Day After Tomorrow
26%
MovieThe LEGO Movie
22.6%
LoveShakespeare in Love
22.2%
AmericanAmerican Hustle
21.5%
DragonCrouching Tiger, Hidden Dragon
18.5%
OverOne Flew Over the Cuckoo's Nest
18.2%
BackThe Empire Strikes Back
17.9%
DeadPirates of the Caribbean: Dead Man's Chest
15.2%
FirstCaptain America: The First Avenger
15.2%
MaryMary Poppins Returns
13.9%
GoodAs Good as It Gets
13.8%
MovieThe LEGO Batman Movie
11.9%
DeadPirates of the Caribbean: Dead Men Tell No Tales
11.6%
MovieThe Simpsons Movie
11.6%
GoodA Few Good Men
11.3%
DeadDead Poets Society
10.5%
WorldPirates of the Caribbean: At World's End
9.2%
DayTerminator 2: Judgment Day
8.7%
LoveCrazy, Stupid, Love.
7.8%
FirstX-Men: First Class
7.7%
WorldJurassic World: Fallen Kingdom
6.9%
OverSpy Kids 3-D: Game Over
0.6%

You're not logged in!

Compare scores with friends on all Sporcle quizzes.
OR
Log In

You Might Also Like...

Show Comments

Extras

Top Quizzes Today


Score Distribution

Your Account Isn't Verified!

In order to create a playlist on Sporcle, you need to verify the email address you used during registration. Go to your Sporcle Settings to finish the process.

Report this User

Report this user for behavior that violates our Community Guidelines.

Details: